Género y constitución: mujeres y varones en el orden constitucional español

Saved in:
Bibliografiske detaljer
Hovedforfatter: Rodríguez Ruiz, Blanca (Author)
Format: Bog
Sprog:spansk
Udgivet: Lisboa Jurúa 2017
Serier:Colección Derecho Constitucional
Fag:
Tags: Tilføj Tag
Ingen Tags, Vær først til at tagge denne postø!

MARC

LEADER 00000cam a2200000 a 4500
001 UCC9126
003 CL-VaPUC
008 190906e20170000po |||||||||||||||||spa|d
020 |a 9789897124228 
082 0 4 |a 342.46087  |b ROD  |2 21 
100 0 |a Rodríguez Ruiz, Blanca  |e author  |9 604003 
245 1 0 |a Género y constitución: mujeres y varones en el orden constitucional español 
300 |a 287 p 
942 |c BK 
945 |d 20190906 13:31:00  |a cmena 
260 |a Lisboa  |b Jurúa  |c 2017 
650 7 |a DERECHO CONSTITUCIONAL ESPAÑOL  |2 CL-VaPUC  |9 435214 
650 0 |a Derechos humanos  |9 223025 
650 0 |a Ciudadanía  |9 258339 
650 7 |a DISCRIMINACION POR GENERO  |2 CL-VaPUC  |9 475707 
650 0 |a Discriminación sexual  |9 313877 
650 0 |a Igualdad ante la ley  |9 382454 
650 0 |a Mujeres  |9 257649 
583 |a last modification  |c 20190906 13:31:00  |k Rodrigo Vera 
490 0 |a Colección Derecho Constitucional 
999 |c 375320  |d 375318 
952 |0 0  |1 0  |3 erb  |4 0  |6 342_460870000000000_ROD_2017  |7 0  |8 WP_COW  |9 561268  |a BIBDER  |b BIBDER  |e Fundación W and P Cowley  |i 5597994  |o 342.46087 ROD 2017  |p 5597994  |r 2023-01-25  |w 2020-03-12  |y BK  |z Catalogado en:20190906  |k WPC